Attitudes of New Zealand police and social workers toward child sexual abuse

Saved in:  
Bibliographic Details
Main Author: Porch, Tamara L. (Author)
Format: Print Book
Language:English
Published: 1991
In:Year: 1991
Availability in Tübingen:Present in Tübingen.
UB: KB 18 A 8131
Check availability: HBZ Gateway
Subito Delivery Service: Order now.
Keywords:

MARC

LEADER 00000cam a2200000 c 4500
001 1094914940
003 DE-627
005 20220514144111.0
007 tu
008 910719s1991 xx ||||| m 00| ||eng c
035 |a (DE-627)1094914940 
035 |a (DE-576)024914940 
035 |a (DE-599)BSZ024914940 
035 |a (OCoLC)311460655 
040 |a DE-627  |b ger  |c DE-627  |e rakwb 
041 |a eng 
100 1 |a Porch, Tamara L.  |4 aut 
245 1 0 |a Attitudes of New Zealand police and social workers toward child sexual abuse  |c Porch, Tamara Lynne 
264 1 |c 1991 
300 |a X, 180 S. 
336 |a Text  |b txt  |2 rdacontent 
337 |a ohne Hilfsmittel zu benutzen  |b n  |2 rdamedia 
338 |a Band  |b nc  |2 rdacarrier 
502 |a Univ. of South Dakota, Diss., 1990 
583 1 |a Archivierung prüfen  |c 20200919  |f DE-640  |z 2  |2 pdager 
655 7 |a Hochschulschrift  |0 (DE-588)4113937-9  |0 (DE-627)105825778  |0 (DE-576)209480580  |2 gnd-content 
951 |a BO 
ELC |b 1 
LOK |0 000 xxxxxcx a22 zn 4500 
LOK |0 001 2168249903 
LOK |0 003 DE-627 
LOK |0 004 1094914940 
LOK |0 005 20151013124615 
LOK |0 008 910719||||||||||||||||ger||||||| 
LOK |0 040   |a DE-21  |c DE-627  |d DE-21 
LOK |0 852   |a DE-21 
LOK |0 852 1  |c KB 18 A 8131  |9 00 
LOK |0 866   |x Kopie, erschienen im Verl. Univ. Microfilms Internat., Ann Arbor 1991 
LOK |0 935   |a krim 
LOK |0 939   |a 19-07-91  |b l01 
ORI |a SA-MARC-krimdoka001.raw 
SIG |a UB: KB 18 A 8131